| 000 | 00464nam a22001817a 4500 | ||
|---|---|---|---|
| 005 | 20260530160918.0 | ||
| 008 | 260530b |||||||| |||| 00| 0 eng d | ||
| 020 |
_a9783110606584 _c4270.65 |
||
| 040 | _aMAIN | ||
| 041 | _aGerman | ||
| 082 |
_a306.44 _bAMM |
||
| 100 |
_aAmmon, Ulrich _926962 |
||
| 245 | _aDie Stellung der Deutschen Sprache in der Welt | ||
| 260 |
_aBerlin _bDe Gruyter _c2018 |
||
| 300 | _a1295 | ||
| 650 | _aGerman Language | ||
| 942 | _cBK | ||
| 999 |
_c60936 _d60936 |
||